Sinema yilligi (رقم التسجيلة. 134785)

تفاصيل مارك
000 -LEADER
fixed length control field 00867cas a2200289 a 4500
008 - FIXED-LENGTH DATA ELEMENTS--GENERAL INFORMATION
fixed length control field 891016u1966uuuutu ar 0 0tur
010 ## - LIBRARY OF CONGRESS CONTROL NUMBER
LC control number 89650522
040 ## - CATALOGING SOURCE
Original cataloging agency DLC
Language of cataloging eng
Transcribing agency DLC
Modifying agency OCoLC
041 0# - LANGUAGE CODE
Language code of text/sound track or separate title tureng
043 ## - GEOGRAPHIC AREA CODE
Geographic area code a-tu---
050 00 - LIBRARY OF CONGRESS CALL NUMBER
Classification number PN1997.8
Item number .S58
092 04 - LOCALLY ASSIGNED DEWEY CALL NUMBER (OCLC)
Classification number 791.43750956105
Item number S6169
Edition number 21
099 ## - LOCAL FREE-TEXT CALL NUMBER (OCLC)
Classification number 04
-- 791.43750956105 S6169
222 #0 - KEY TITLE
Key title Sinema yilligi
245 00 - TITLE STATEMENT
Title Sinema yilligi
260 ## - PUBLICATION, DISTRIBUTION, ETC.
Place of publication, distribution, etc. [çIstanbul?] :
Name of publisher, distributor, etc. A.D.O. Yayņlar,̧
Date of publication, distribution, etc. [1966?-
300 ## - PHYSICAL DESCRIPTION
Extent v. :
Other physical details ill. ;
Dimensions 20 cm.
310 ## - CURRENT PUBLICATION FREQUENCY
Current publication frequency Annual
362 0# - DATES OF PUBLICATION AND/OR SEQUENTIAL DESIGNATION
Dates of publication and/or sequential designation 1965/1966-
500 ## - GENERAL NOTE
General note Title from cover.
546 ## - LANGUAGE NOTE
Language note Chiefly in Turkish; includes plot summaries in English.
650 #0 - SUBJECT ADDED ENTRY--TOPICAL TERM
Topical term or geographic name entry element Motion pictures
Geographic subdivision Turkey
General subdivision Plots, themes, etc.
Form subdivision Periodicals.
905 ## - LOCAL DATA ELEMENT E, LDE (RLIN)
Cataloger Jamal
Reviser Cat.
905 ## - LOCAL DATA ELEMENT E, LDE (RLIN)
Reviser Rev.
942 ## - ADDED ENTRY ELEMENTS (KOHA)
Source of classification or shelving scheme Dewey Decimal Classification
Koha item type Books
المقتنيات
Source of classification or shelving scheme Not for loan Home library Current library Date acquired Full call number Date last seen Koha item type
Dewey Decimal Classification   المكتبة المركزبة الجديدة - جامعة القاهرة قاعة الثقاقات الاجنبية - الدور الثالث 11.02.2024 791.43750956105 S6169 23.09.2023 Continuing Resources
Cairo University Libraries Portal Implemented & Customized by: Eng. M. Mohamady Contacts: new-lib@cl.cu.edu.eg | cnul@cl.cu.edu.eg
CUCL logo CNUL logo
© All rights reserved — Cairo University Libraries
CUCL logo
Implemented & Customized by: Eng. M. Mohamady Contact: new-lib@cl.cu.edu.eg © All rights reserved — New Central Library
CNUL logo
Implemented & Customized by: Eng. M. Mohamady Contact: cnul@cl.cu.edu.eg © All rights reserved — Cairo National University Library